| Поле | Инд. | ПП | Название | Значение |
|---|---|---|---|---|
| Тип записи | a | |||
| Библиографический уровень | m | |||
| 001 | Контрольный номер | RU/LIBMSTU/259243409 | ||
| 005 | Дата корректировки | 20190123163625.0 | ||
| 020 | 00 | a | ISBN | 5-98119-040-Х |
| c | Цена, тираж | 65-88 | ||
| 020 | 00 | a | ISBN | 5-88774-076-0 |
| 084 | a | Индекс другой классификации/Индекс ББК | 67.410.212 | |
| 090 | 00 | a | Полочн. индекс | 67.410.2 |
| x | Авторский знак | О-23 | ||
| 100 | 10 | a | Автор | Образцов В. А. |
| 245 | 00 | a | Заглавие | Допрос потерпевшего и свидетеля на предварительном следствии |
| c | Ответственность | Ин-т междунар. права и экономики им. А. С. Грибоедова | ||
| 260 | 00 | a | Место издания | Москва |
| b | Издательство | Омега-Л : Изд-во ИМПЭ им. А. С. Грибоедова | ||
| c | Дата издания | 2003 | ||
| 300 | 00 | a | Объем | 160 с. |
| 440 | 00 | a | Серия | Криминалистика |
| 650 | _4 | a | Основная рубрика | Допрос в уголовно-процессуальном праве |
| 653 | 00 | a | Ключевые слова | Допросы |
| a | Ключевые слова | Потерпевшие | ||
| a | Ключевые слова | Предварительное следствие | ||
| a | Ключевые слова | Свидетели | ||
| a | Ключевые слова | Уголовно-процессуальное право | ||
| 700 | 10 | a | Другие авторы | Богомолова С. Н. |
| 901 | t | Тип документа | m | |
| 990 | 00 | f | Даты поступлений (DOS) | 10.04 |